000 01335nam a2200289 4500
003 EG-GICUC
005 20260121101212.0
008 251111s2000 ua ||||fr|||| 00| 0 ara d
040 _a EG-GICUC
_bara
_c EG-GICUC
_d EG-GICUC
_erda
041 0 _aara
082 0 4 _221
_a341.851
_bح ف . ر
092 0 4 _221
099 _aLaw1 12 341.851 ح ف . ر 2000
100 0 _aحفيظة السيد الحداد
_eمؤلف.
245 1 2 _aالرقابة القضائية على أحكام التحكيم بين الازدواجية والوحدة:
_bدراسة تحليلية وإنتقادية بمناسبة قضية الشركة الأمريكية كرومالوى ضد جمهورية مصر العربية/
_cحفيظة السيد الحداد.
264 1 _aالأسكندرية:
_bدار الفكر الجامعي،
_c2000 .
300 _a139 ؛صفحة
_c24 سم
336 _2rda content
_atext
337 _2rda media
_aComputer
338 _2rda carrier
_aOnline Resource
504 _aيحتوي على ارجاعات ببليوجرافية
546 _aالنص أغلبه باللغة العربية بعض النصوص الإنجليزية والفرنسية
650 1 _aالتحكيم - قانون دولي
856 4 0 _uhttps://fll.law.cu.edu.eg/fulltext/bks/B12-01164.pdf
905 _a75
942 _2ddc
_n0
_cBK
_e21
999 _c42710
_d42710